El liberalismo radical en América Latina convergencia y particularidades /

Сохранить в:
Библиографические подробности
Главный автор: Agudo, Edilcia
Формат: Текст
Предметы:
Метки: Добавить метку
Нет меток, Требуется 1-ая метка записи!

MARC

LEADER 00000 a a2200000 04500
001 9413
003
040
100 |a Agudo, Edilcia  
245 |a El liberalismo radical en América Latina convergencia y particularidades /  |c Edilcia Agudo 
650 |a LIBERALISMO  
650 |a AMERICA LATINA  
773 |g número 464 -465; páginas 35-50  
999 |c 30919  |d 30919